K zákonu o bankách.

Odpoveď na dve otázky: čo viedlo k tomu, že bola v zákone o bankách zakotvená povinnosť preukazovať totožnosť klienta. Aký je rozdiel medzi zastúpením zahraničnej banky a pobočkou zahraničnej banky.

Salvato in:
Dettagli Bibliografici
Autore principale: Hartlová, V.
Natura: Capitolo di libro
Lingua:ceco
Soggetti:
Tags: Aggiungi Tag
Nessun Tag, puoi essere il primo ad aggiungerne!!

MARC

LEADER 00000naa a2200000 4500
001 r007045
005 20220831083731.6
041 0 |a cze 
044 |a [CS] 
245 1 0 |a K zákonu o bankách.  |c V. Hartlová 
520 |a Odpoveď na dve otázky: čo viedlo k tomu, že bola v zákone o bankách zakotvená povinnosť preukazovať totožnosť klienta. Aký je rozdiel medzi zastúpením zahraničnej banky a pobočkou zahraničnej banky. 
610 2 0 |a banky 
610 2 0 |a ČSFR 
610 2 0 |a zákony 
610 2 0 |a 1992 
100 1 |a Hartlová, V.